000 00305nam a22001337a 4500
008 171106b xxu||||| |||| 00| 0 eng d
020 _a9780324183283
041 _aeng
080 _29TH
_a330.722.6
100 _a61
101 _aKON
245 _aINTERMEDIATE ACCOUNTING
_cNIKOLAI,L.A
942 _2udc
_cBK
999 _c37781
_d37781